000
00293nam a22001337a 4500
008
171020b xxu||||| |||| 00| 0 eng d
020
_a
9780130330642
041
_a
eng
080
_2
6TH
_a
338
100
_a
54
101
_a
MEN
245
_a
ORGANIZATION THEORY
_c
HODGE,B.J
942
_2
udc
_c
BK
999
_c
35205
_d
35205